ՀՀ Գիտությունների ազգային ակադեմիայի հիմնարար գիտական գրադարան  =   Fundamental Scientific Library of NAS RA

Программирование микропроцессоров : (Record no. 53987)

MARC details
000 -LEADER
fixed length control field 01356nam a22003137a 4500
001 - CONTROL NUMBER
control field 000158168
003 - CONTROL NUMBER IDENTIFIER
control field AM-YeHGA
005 - DATE AND TIME OF LATEST TRANSACTION
control field 20250617123220.0
008 - FIXED-LENGTH DATA ELEMENTS--GENERAL INFORMATION
fixed length control field 000305s1982 ru ||||| |||| 00| 0 rus d
040 ## - CATALOGING SOURCE
Original cataloging agency AM-YeHGA
041 1# - LANGUAGE CODE
Language code of text/sound track or separate title rus
Language code of original eng
090 ## - LOCALLY ASSIGNED LC-TYPE CALL NUMBER (OCLC); LOCAL CALL NUMBER (RLIN)
-- 54835
245 00 - TITLE STATEMENT
Title Программирование микропроцессоров :
Remainder of title Пер. с нем. /
Statement of responsibility, etc. [Авт. В. Фрибель, Х. Ролоф и др.] ; Пер. В.М. Горелкина ; Под ред. В.В. Сташина.
260 ## - PUBLICATION, DISTRIBUTION, ETC.
Place of publication, distribution, etc. Москва :
Name of publisher, distributor, etc. Энергоиздат ,
Date of publication, distribution, etc. 1982.
300 ## - PHYSICAL DESCRIPTION
Extent 88 с. ;
Dimensions 20 см.
440 #0 - SERIES STATEMENT/ADDED ENTRY--TITLE
Title Библиотека по автоматике
Volume/sequential designation Вып. 622
504 ## - BIBLIOGRAPHY, ETC. NOTE
Bibliography, etc. note Библиогр. 24 назв.
534 ## - ORIGINAL VERSION NOTE
Introductory phrase Оригинал на англ. :
Title statement of original Programmierung von Mikroprozessoren /
Main entry of original Wolfgang Friebel, Helmut Roloff, Helmut Schiller, Harold Vogt -
Publication, distribution, etc. of original Berlin, 1978
650 14 - SUBJECT ADDED ENTRY--TOPICAL TERM
Topical term or geographic name entry element Микропроцессоры - Программирование
650 14 - SUBJECT ADDED ENTRY--TOPICAL TERM
Topical term or geographic name entry element ЭВМ
653 2# - INDEX TERM--UNCONTROLLED
Uncontrolled term микропроцессоры
653 2# - INDEX TERM--UNCONTROLLED
Uncontrolled term программирование
700 1# - ADDED ENTRY--PERSONAL NAME
Personal name Ролоф, Хельмут
700 1# - ADDED ENTRY--PERSONAL NAME
Personal name Шиллер, Хельмут
700 1# - ADDED ENTRY--PERSONAL NAME
Personal name Фогт, Харольд
700 1# - ADDED ENTRY--PERSONAL NAME
Personal name Горелик, В.М.
700 1# - ADDED ENTRY--PERSONAL NAME
Personal name Сташин, Владислав Викторович
Relator term ред.
Relationship edt
942 ## - ADDED ENTRY ELEMENTS (KOHA)
Source of classification or shelving scheme Universal Decimal Classification
Koha item type Գրքեր / Books
Holdings
Withdrawn status Lost status Source of classification or shelving scheme Damaged status Not for loan Collection Home library Current library Date acquired Total checkouts Full call number Barcode Date last seen Price effective from Koha item type Public note
    Universal Decimal Classification     General Fundamental Scientific Library Fundamental Scientific Library 22/12/2016   PII/477416 FL0289253 22/12/2016 22/12/2016 Գրքեր / Books 30 Days Loan


ՀՀ ԳԱԱ հիմնարար գիտական գրադարան
ՀՀ,Երևան 0019
Մարշալ Բաղրամյան 24/6
հեռախոս:(374-10) 52-47-50
Հետադարձ կապ

All site content, except where otherwise noted, is licensed under a
Creative Commons License